000 00569nmm a2200193Ia 4500
008 251105s9999||||xx |||||||||||||||||und||
020 _a9788497888004
041 _aspa
100 _aAranda Juárez, Daniel
245 0 _aPuntos de vista
264 _a[Madrid, España] :
_bUniversitat Oberta de Catalunya,
_c2009
300 _a276 páginas
650 _aFilm studies
700 _aAranda Juárez, Daniel
700 1 _a Sánchez Navarro, Jordi
700 1 _a Esquirol Salom, Meritxell
856 _uhttps://public.digitaliapublishing.com/a/20516
942 _cCF
999 _c62031
_d62031